Biblioteka Instytutu Północnego w Olsztynie

Widok standardowy Widok MARC

Pozycja Personal Name

Liczba rekordów, w których użyto hasła: 1

001 - Numer kontrolny

  • control field: 39319

003 - Identyfikator numeru kontrolnego

  • control field: NUKAT

005 - Data i czas ostatniej modyfikacji

  • control field: 20260331135042.0

008 - Dane kontrolne kodowane (40 znaków)

  • fixed length control field: 150219n||a|znnaabn |a aaa |c

010 ## - Numer kontrolny Biblioteki Kongresu

  • numer kontrolny LC: n 2015091777

024 7# - OTHER STANDARD IDENTIFIER

  • Standard number or code: 314918890
  • Source of number or code: viaf

024 7# - OTHER STANDARD IDENTIFIER

  • Standard number or code: 0000000446334022
  • Source of number or code: isni

040 ## - Instytucja sporządzająca rekord

  • inst. przygot. dane do rek. khw: WR O/dja
  • język haseł przedmiotowych/tezaurus: kaba
  • inst. wprow. rek. khw: WR O/dja

100 1# - Hasło - nazwa osobowa

  • nazwa osobowa w formie ujednoliconej: Maciejko, Karol.

372 ## - Field of activity

  • Field: Archiwistyka.
  • Auth control #: http://nukat.edu.pl/aut/s 96011300
  • Source of term: kaba

374 ## - Occupation

  • Occupation: Archiwiści.
  • Auth control #: http://nukat.edu.pl/aut/s 97052402
  • Source of term: kaba

670 ## - Źródło informacji

  • źródło informacji: Kp. ...Aby jutro były z nas dumne : Solidarność : głosujcie 4 czerwca! : [katalog wystawy "Wybory 4 czerwca 1989 r. - 25 lat później] / [wstęp Mariusz Korejwo]. - Olsztyn, 2014.
  • gdzie znaleziono informację: Oprac.

670 ## - Źródło informacji

  • źródło informacji: BNPol online
Biblioteka Instytutu Północnego, ul. Partyzantów 87, 10-402 Olsztyn, email: biblioteka(at)ip.olsztyn.pl